| 000 | 00513nam a2200193 a 4500 | ||
|---|---|---|---|
| 005 | 20210219153455.0 | ||
| 008 | 991125n 000 0 eng u | ||
| 035 | _aUPN01000101819 | ||
| 100 | _aMetcalf, Fay | ||
| 222 | _aSOCIAL EDUCATION | ||
| 245 | _aTeaching with historic places : Knife River | ||
| 300 | _a1-12 | ||
| 362 | _a1992 56, no. 5 | ||
| 653 | 0 | _aCULTURA INDO-AMERICANA | |
| 653 | 0 | _aHISTORIA INDO-AMERICANA | |
| 653 | 0 | _aINSTRUCCION DE HISTORIA | |
| 904 |
_aAC _b039630 |
||
| 905 | _aArticulo | ||
| 999 |
_c77830 _d77830 |
||